Coaching for leadership (Record no. 246128)
[ view plain ]
| 000 -LEADER | |
|---|---|
| fixed length control field | 02372nam a2200397 a 4500 |
| 082 04 - DEWEY DECIMAL CLASSIFICATION NUMBER | |
| Classification number | 658.4/07124 |
| 245 00 - TITLE STATEMENT | |
| Title | Coaching for leadership |
| 250 ## - EDITION STATEMENT | |
| Edition statement | 3rd ed. |
| 260 ## - PUBLICATION, DISTRIBUTION, ETC. (IMPRINT) | |
| Place of publication | San Francisco, Calif. : |
| Name of publisher | Pfeiffer, a Wily imprint, |
| Year of publication | 2012. |
| 300 ## - PHYSICAL DESCRIPTION | |
| Number of Pages | xxxviii, 313 p. : |
| Other physical details | ill. |
| 505 0# - FORMATTED CONTENTS NOTE | |
| Formatted contents note | pt. 1. Foundations of coaching -- pt. 2. Portrait of a leader -- pt. 3. Challenges and forces of change -- pt. 4. Recognizing and developing high-potentials -- pt. 5. Into action -- pt. 6. Coaching models and tools. |
| 520 ## - SUMMARY, ETC. | |
| Summary, etc | "Today's coaches are challenged with the recurring task of weaving threads from several disciplines into a tapestry that is fit for purpose in helping their clients learn and succeed. In this sense, the coach has to become a discriminating eclectic, developing a keen sense of judgment to select which threads are best woven into the fabric and those that it would be better to simply throw away. Coaching for Leadership is intended to be a cherished companion in that learning journey presented by the world's greatest coaches, including: Marshall Goldsmith, Paul Hersey, Beverly Kay, Daivd Ulrich and many more"-- |
| 650 #0 - SUBJECT ADDED ENTRY--TOPICAL TERM | |
| Topical Term | Executives |
| Topical Term | Leadership |
| Topical Term | Mentoring in business. |
| Topical Term | Business consultants. |
| 700 1# - ADDED ENTRY--PERSONAL NAME | |
| Personal name | Goldsmith, Marshall. |
| Personal name | Lyons, Laurence. |
| Personal name | McArthur, Sarah. |
| 856 40 - ELECTRONIC LOCATION AND ACCESS | |
| Uniform Resource Identifier | http://site.ebrary.com/lib/rucke/Doc?id=10540908 |
| 520 ## - SUMMARY, ETC. | |
| -- | Provided by publisher. |
No items available.
